भारत के सांस्कृतिक केन्द्र : (Record no. 121070)

MARC details
000 -LEADER
fixed length control field 01471nam a22002657a 4500
005 - DATE AND TIME OF LATEST TRANSACTION
control field 20170124103207.0
010 ## - LIBRARY OF CONGRESS CONTROL NUMBER
LC control number B-235135
020 ## - INTERNATIONAL STANDARD BOOK NUMBER
Terms of availability 200.00
International Standard Book Number 8190167596
035 ## - SYSTEM CONTROL NUMBER
System control number B-235135
037 ## - SOURCE OF ACQUISITION
Source of stock number/acquisition Cen Lib/Ret
040 ## - CATALOGING SOURCE
Original cataloging agency DPL
Language of cataloging HN
082 ## - DEWEY DECIMAL CLASSIFICATION NUMBER
Classification number 954.13
Item number भारत
245 ## - TITLE STATEMENT
Title भारत के सांस्कृतिक केन्द्र :
Statement of responsibility, etc संपादक वेद प्रकाश सोनी
Remainder of title काशी-वाराणसी /
246 ## - VARYING FORM OF TITLE
Title proper/short title Bharat ke sanskritik kendra : kashi-varanasi /
Remainder of title sampadak Ved Prakash Soni
260 ## - PUBLICATION, DISTRIBUTION, ETC. (IMPRINT)
Place of publication, distribution, etc दिल्ली
Name of publisher, distributor, etc अक्षरमाला साहित्य संस्थान
Date of publication, distribution, etc 2007
270 ## - ADDRESS
Address मकान नं० 29/32-बी, द्वितीय तल गली नं० 12, विश्वासनगर, शाहदरा
City दिल्ली
Postal code 110032
300 ## - PHYSICAL DESCRIPTION
Extent 166पृ. :
Dimensions 21सेमी(सजिल्द)
Other physical details रंगीन सचित्र
500 ## - GENERAL NOTE
General note अनुक्रमणिका और सन्दर्भ शामिल
650 ## - SUBJECT ADDED ENTRY--TOPICAL TERM
Topical term or geographic name as entry element वाराणसी का सांस्कृतिक सन्दर्भ
9 (RLIN) 94311
650 ## - SUBJECT ADDED ENTRY--TOPICAL TERM
Topical term or geographic name as entry element धार्मिक स्थिति--वाराणसी
9 (RLIN) 3552
650 ## - SUBJECT ADDED ENTRY--TOPICAL TERM
Topical term or geographic name as entry element Varanasi's cultural context
9 (RLIN) 94312
650 ## - SUBJECT ADDED ENTRY--TOPICAL TERM
Topical term or geographic name as entry element Religious Status--Varanasi
9 (RLIN) 94313
700 ## - ADDED ENTRY--PERSONAL NAME
Personal name सोनी, वेद प्रकाश
9 (RLIN) 64636
942 ## - ADDED ENTRY ELEMENTS (KOHA)
Source of classification or shelving scheme Dewey Decimal Classification
Koha item type Hindi Books
Classification part 954.13
Call number suffix भारत
Holdings
Withdrawn status Lost status Damaged status Not for loan Home library Current library Date acquired Source of acquisition Cost, normal purchase price Total Checkouts Full call number Barcode Date last seen Date checked out Copy number Cost, replacement price Price effective from Koha item type Source of classification or shelving scheme Collection code
        Central Library Central Library 30/09/2015 Cen Lib/Ret 200.00 3 954.13 भारत B-235135 25/02/2019 22/02/2019 1 200.00 30/09/2015 Hindi Books    
        Sarojini Nagar Sarojini Nagar 14/10/2021       954.13 भारत B-235137 14/10/2021     200.00 14/10/2021 Hindi Books Dewey Decimal Classification Non-fiction

© Delhi Public Library
Hit Counter
free hit counter